000 00471nam a2200181Ia 4500
001 16989
005 20260306170351.0
008 260306t2018||||xx |||||||||||||| ||und||
041 _aESP
082 _a657.42
_bCH516A
100 _aChambergo Guillermo, Isidro
_eAUT
245 0 _aCostos ABC:
_bpresupuesto empresarial y estrategias gerenciales
260 _c2018
300 _a577 páginas :
_c25 cm.
650 _aGEN
654 _aCCO
942 _cLIB
_dJUS
_fJUS
_2ddc
_n
999 _c16989
_d16989